000 00742nam a22002297a 4500
005 20170124105957.0
010 _aA-389613
020 _c00.00
_a8170271525
035 _aA-389613
037 _bCen Lib/Ret
040 _aDPL
_bEN
082 _a370.954
_bKAP
100 _aKapil, Fathima Kutty
_914835
245 _aEducation and social change in india :
_cby Fathima Kutty Kapil
_bvizagapatam district /
260 _aNew Delhi
_bRadiant Publishers
_c1990
270 _bNew Delhi
_e110019
_aE-155, kalka ji
300 _axv, 118p.
_c21cm(Hb)
500 _aIncludes bibliographical references and index
650 _aEducation
_zIndia
_98226
650 _aSocial change
_914836
942 _2ddc
_cEN
_h370.954
_mKAP
999 _c125581
_d125581